00501nam a2200145 a 450000100100000000500170001000800410002704000250006824500420009326000480013530000410018304900090022495201050023399900170033800003212220200930063441.0110712s1982 dr 000 0 spa d aDO-SdBNPbspacBNPHU00aFrancisco Xavier Billini 1882-1982 /. aSanto Domingo :b[Loteria Nacional,c1982]. a1v. Con varias paginaciones ;c1982. aBNPD 0010718PDaPDbPDcCTd2011-07-12iLF1l0o p32122-10r2020-06-25w2020-06-25yLFPDZNo se presta c31613d31613